=LDR 00000nam 2200000 4500 =001 INLIS000000000048980 =005 20200311075312 =035 ##$$a 0010-011700000000261 =008 200311################g##########0#ind## =020 ##$$a 978-979-1093-17-0 =040 ##$$a NBPDMAT =082 ##$$a 297.12 =090 ##$$a 297.12$bTig t =245 ##$$a Tiga juz pilihan (28, 29 dan 30) : $b Dilengkapi dengan Matan Hadits Arba'in An-Nawawi Al-Ma'tsurat Syaikh Hasan Al-Banna Al-Ma'tsurat Syaikh Abdullah Azzam /$c Editor Istaqama =250 ##$$a Cet. 1 =260 ##$$a Solo - :$b Media Zikir,$c 2008 =300 ##$$a 254 lm. ; $c 20 x 14 cm. =650 #4$$a Al-Qur'an Terjemahan =850 ##$$a NBPDMAT =084 ##$$a 297.12 TIG t =990 ##$$a 21602290 =990 ##$$a 21602291 =990 ##$$a 21602292 =990 ##$$a 21602293 =990 ##$$a 21602294